Contra la nueva filosofía /

Wedi'i Gadw mewn:
Manylion Llyfryddiaeth
Prif Awdur: Aubral, Francois (autor)
Awduron Eraill: Delcourt, Xavier (autor) (autor)
Fformat: Llyfr
Iaith:Sbaeneg
Cyhoeddwyd: México : Premiá, 1978, c1978
Cyfres:(La Red de Jonás)
Pynciau:
Tagiau: Ychwanegu Tag
Dim Tagiau, Byddwch y cyntaf i dagio'r cofnod hwn!

MARC

LEADER 00000nam^a2200000^a^4500
001 000165759
005 20250521000000.0
009 20260310101028.865
020 |a 968-434-055-9 
037 |a Acervo ITESO - Biblioteca 
041 |a ESP 
082 |a 194.  |b AUB 
100 |a Aubral, Francois  |e (autor) 
245 1 0 |a Contra la nueva filosofía /  |c F. Aubral, Xavier Delcourt ; tr. por José Mejía. 
264 4 |a México :  |b Premiá,  |c 1978, c1978 
300 |a 202 p. 
336 |a texto  |b txt  |2 rdacontenido 
337 |a sin mediación  |b n  |2 rdamedio 
338 |a volumen  |b nc  |2 rdasoporte 
440 4 |a (La Red de Jonás) 
500 |a Traducción de: Contre la nouvelle philosophie 
649 |a XX 
650 |a Derecha, La 
650 |a Marxismo 
650 |a Filosofía Política -  |z Francia 
650 |a Filosofía del Siglo XX 
700 |a Delcourt, Xavier  |e (autor) 
910 |a Fondo Armando Suárez Gómez 
920 |a Impresos - Libros 
930 |a Fondos Especiales 
905 |a 111 
901 |a 0700007035  |b IT2  |c ESP  |u 20250521 
902 |a https://opac.biblio.iteso.mx/vufind/Record/000165759